000 01496nam a22004217a 4500
001 2929052
003 OSt
005 20210420073624.0
008 891218s1990 nyua b 001 0beng
010 _a 89078047
020 _a039302881X
040 _aeng
_cDLC
_deng
041 _aeng
043 _ae-ur---
050 0 0 _aDK268.S8
_bT86 1990
080 _a92
_bT-90
082 0 0 _a947.084/2/092
_220
100 1 _aTucker, Robert C.
_q(Robert Charles),
_d1918-2010.
245 1 0 _aStalin in power :
_bthe revolution from above, 1928-1941 /
_cRobert C. Tucker.
250 _a1st edition
260 _aNew York :
_bNorton,
_cc1990.
300 _axix, 707 p. :
_bill. ;
_c25 cm.
365 _b29.95 usd
504 _aIncludes bibliographical references (p. [671]-683) and index.
600 1 0 _aStalin, Joseph,
_d1878-1953.
650 0 _aHeads of state
_zSoviet Union
_vBiography.
650 0 _aBiography
_9237
650 0 _aHistory
_9252
651 0 _aSoviet Union
_xPolitics and government
_y1917-1936.
651 0 _aSoviet Union
_xPolitics and government
_y1936-1953.
653 _aბიოგრაფია
653 _aისტორია
653 _aსაბჭოთა კავშირი
653 _aსახელმწიფოს მმართველები
906 _a7
_bcbc
_corignew
_d1
_eopcn
_f19
_gy-gencatlg
942 _2udc
_cBK
_e1
999 _c534
_d534